<?xml version="1.0" encoding="UTF-8"?>
<record
    xmlns:xsi="http://www.w3.org/2001/XMLSchema-instance"
    xsi:schemaLocation="http://www.loc.gov/MARC21/slim http://www.loc.gov/standards/marcxml/schema/MARC21slim.xsd"
    xmlns="http://www.loc.gov/MARC21/slim">

  <leader>01789nam0a22002771  4500</leader>
  <controlfield tag="001">rc\3752411</controlfield>
  <controlfield tag="005">20250610071151.0</controlfield>
  <datafield tag="021" ind1=" " ind2=" ">
    <subfield code="a">RU</subfield>
    <subfield code="b">[72-78028]</subfield>
  </datafield>
  <datafield tag="035" ind1=" " ind2=" ">
    <subfield code="a">(NLR Aleph) 007790899</subfield>
  </datafield>
  <datafield tag="090" ind1=" " ind2=" ">
    <subfield code="a">7651837</subfield>
    <subfield code="c">7651837</subfield>
  </datafield>
  <datafield tag="100" ind1=" " ind2=" ">
    <subfield code="a">20130115d1972    |||y0rusy50      ca</subfield>
  </datafield>
  <datafield tag="101" ind1="0" ind2=" ">
    <subfield code="a">rus</subfield>
  </datafield>
  <datafield tag="102" ind1=" " ind2=" ">
    <subfield code="a">RU</subfield>
  </datafield>
  <datafield tag="105" ind1=" " ind2=" ">
    <subfield code="a">a   z   |||a|</subfield>
  </datafield>
  <datafield tag="200" ind1="1" ind2=" ">
    <subfield code="a">&#x41F;&#x43B;&#x43E;&#x442;, &#x43F;&#x44F;&#x442;&#x44C; &#x431;&#x440;&#x435;&#x432;&#x43D;&#x44B;&#x448;&#x435;&#x43A;...</subfield>
    <subfield code="e">&#x420;&#x430;&#x441;&#x441;&#x43A;&#x430;&#x437;&#x44B;</subfield>
    <subfield code="f">[&#x418;&#x43B;.: &#x411;. &#x413;&#x443;&#x440;&#x435;&#x432;&#x438;&#x447;</subfield>
  </datafield>
  <datafield tag="210" ind1=" " ind2=" ">
    <subfield code="a">&#x41C;&#x43E;&#x441;&#x43A;&#x432;&#x430;]</subfield>
    <subfield code="c">&#x41C;&#x43E;&#x43B;. &#x433;&#x432;&#x430;&#x440;&#x434;&#x438;&#x44F;</subfield>
    <subfield code="d">1972</subfield>
  </datafield>
  <datafield tag="215" ind1=" " ind2=" ">
    <subfield code="a">255 &#x441;.</subfield>
    <subfield code="c">&#x438;&#x43B;.</subfield>
    <subfield code="d">21</subfield>
  </datafield>
  <datafield tag="327" ind1="1" ind2=" ">
    <subfield code="a">&#x421;&#x43E;&#x434;&#x435;&#x440;&#x436;.: &#x422;&#x430;&#x43C;, &#x437;&#x430; &#x43C;&#x43E;&#x440;&#x435;&#x43C;, &#x434;&#x435;&#x440;&#x435;&#x432;&#x43D;&#x44F;...; &#x41E;&#x434;&#x438;&#x43D; &#x438;&#x437; &#x440;&#x430;&#x441;&#x441;&#x43A;&#x430;&#x437;&#x43E;&#x432; &#x43F;&#x440;&#x43E; &#x41A;&#x43E;&#x436;&#x430;&#x445;&#x43C;&#x435;&#x442;&#x43E;&#x432;&#x430;; &#x418; &#x435;&#x449;&#x435; &#x434;&#x432;&#x430; &#x434;&#x43D;&#x44F;; &#x41F;&#x43B;&#x43E;&#x442;, &#x43F;&#x44F;&#x442;&#x44C; &#x431;&#x440;&#x435;&#x432;&#x43D;&#x44B;&#x448;&#x435;&#x43A;...; &#x41F;&#x440;&#x43E;&#x43F;&#x430;&#x449;&#x438;&#x439; &#x434;&#x435;&#x43D;&#x44C;; &#x414;&#x435;&#x432;&#x43E;&#x447;&#x43A;&#x430; &#x441; &#x441;&#x435;&#x43C;&#x435;&#x447;&#x43A;&#x430;&#x43C;&#x438;; &#x414;&#x436;&#x443;&#x43D;&#x433;&#x430;&#x440;&#x441;&#x43A;&#x438;&#x435; &#x432;&#x43E;&#x440;&#x43E;&#x442;&#x430;; &#x41F;&#x443;&#x441;&#x442;&#x44F;&#x448;&#x43D;&#x43E;&#x435; &#x434;&#x435;&#x43B;&#x43E;; "&#x41D;&#x435;&#x43B;&#x435;&#x43F;&#x43E;..."; &#x421;&#x43B;&#x435;&#x434;&#x43E;&#x432;&#x430;&#x442;&#x435;&#x43B;&#x44C; &#x43F;&#x43E; &#x43D;&#x435; &#x432;&#x430;&#x436;&#x43D;&#x44B;&#x43C; &#x434;&#x435;&#x43B;&#x430;&#x43C;; "&#x414;&#x43B;&#x44F; &#x432;&#x430;&#x441;, &#x436;&#x435;&#x43D;&#x449;&#x438;&#x43D;&#x44B;!.."; &#x421;&#x44B;&#x43D; &#x411;&#x443;&#x440;&#x43D;&#x430;&#x448;&#x43E;&#x432;&#x430;; &#x411;&#x430;&#x431;&#x438;&#x439; &#x431;&#x430;&#x442;&#x430;&#x43B;&#x44C;&#x43E;&#x43D;</subfield>
  </datafield>
  <datafield tag="464" ind1=" " ind2="0">
    <subfield code="1">2001#$a&#x422;&#x430;&#x43C;, &#x437;&#x430; &#x43C;&#x43E;&#x440;&#x435;&#x43C;, &#x434;&#x435;&#x440;&#x435;&#x432;&#x43D;&#x44F;...$a&#x41E;&#x434;&#x438;&#x43D; &#x438;&#x437; &#x440;&#x430;&#x441;&#x441;&#x43A;&#x430;&#x437;&#x43E;&#x432; &#x43F;&#x440;&#x43E; &#x41A;&#x43E;&#x436;&#x430;&#x445;&#x43C;&#x435;&#x442;&#x43E;&#x432;&#x430;$a&#x418; &#x435;&#x449;&#x435; &#x434;&#x432;&#x430; &#x434;&#x43D;&#x44F;$a&#x41F;&#x43B;&#x43E;&#x442;, &#x43F;&#x44F;&#x442;&#x44C; &#x431;&#x440;&#x435;&#x432;&#x43D;&#x44B;&#x448;&#x435;&#x43A;...$a&#x41F;&#x440;&#x43E;&#x43F;&#x430;&#x449;&#x438;&#x439; &#x434;&#x435;&#x43D;&#x44C;$a&#x414;&#x435;&#x432;&#x43E;&#x447;&#x43A;&#x430; &#x441; &#x441;&#x435;&#x43C;&#x435;&#x447;&#x43A;&#x430;&#x43C;&#x438;$a&#x414;&#x436;&#x443;&#x43D;&#x433;&#x430;&#x440;&#x441;&#x43A;&#x438;&#x435; &#x432;&#x43E;&#x440;&#x43E;&#x442;&#x430;$a&#x41F;&#x443;&#x441;&#x442;&#x44F;&#x448;&#x43D;&#x43E;&#x435; &#x434;&#x435;&#x43B;&#x43E;$a"&#x41D;&#x435;&#x43B;&#x435;&#x43F;&#x43E;..."$a&#x421;&#x43B;&#x435;&#x434;&#x43E;&#x432;&#x430;&#x442;&#x435;&#x43B;&#x44C; &#x43F;&#x43E; &#x43D;&#x435; &#x432;&#x430;&#x436;&#x43D;&#x44B;&#x43C; &#x434;&#x435;&#x43B;&#x430;&#x43C;$a"&#x414;&#x43B;&#x44F; &#x432;&#x430;&#x441;, &#x436;&#x435;&#x43D;&#x449;&#x438;&#x43D;&#x44B;!.."$a&#x421;&#x44B;&#x43D; &#x411;&#x443;&#x440;&#x43D;&#x430;&#x448;&#x43E;&#x432;&#x430;$a&#x411;&#x430;&#x431;&#x438;&#x439; &#x431;&#x430;&#x442;&#x430;&#x43B;&#x44C;&#x43E;&#x43D;</subfield>
    <subfield code="t">&#x411;&#x430;&#x431;&#x438;&#x439; &#x431;&#x430;&#x442;&#x430;&#x43B;&#x44C;&#x43E;&#x43D;</subfield>
  </datafield>
  <datafield tag="700" ind1=" " ind2="1">
    <subfield code="a">&#x421;&#x442;&#x440;&#x435;&#x43B;&#x43A;&#x43E;&#x432;&#x430;</subfield>
    <subfield code="b">&#x418;.&#x418;.</subfield>
    <subfield code="f">1924-</subfield>
    <subfield code="g">&#x418;&#x440;&#x438;&#x43D;&#x430; &#x418;&#x432;&#x430;&#x43D;&#x43E;&#x432;&#x43D;&#x430;</subfield>
  </datafield>
  <datafield tag="702" ind1=" " ind2="1">
    <subfield code="a">&#x413;&#x443;&#x440;&#x435;&#x432;&#x438;&#x447;</subfield>
    <subfield code="b">&#x411;.</subfield>
    <subfield code="4">440</subfield>
  </datafield>
  <datafield tag="801" ind1=" " ind2="0">
    <subfield code="a">RU</subfield>
    <subfield code="b">NLR</subfield>
    <subfield code="g">psbo</subfield>
  </datafield>
  <datafield tag="801" ind1=" " ind2="1">
    <subfield code="a">RU</subfield>
    <subfield code="b">ELAR</subfield>
    <subfield code="2">rusmarc</subfield>
  </datafield>
  <datafield tag="852" ind1=" " ind2=" ">
    <subfield code="a">NLR</subfield>
    <subfield code="j">72-3/9416</subfield>
  </datafield>
  <datafield tag="942" ind1=" " ind2=" ">
    <subfield code="c">BOOK</subfield>
  </datafield>
  <datafield tag="980" ind1=" " ind2=" ">
    <subfield code="a">NB</subfield>
  </datafield>
  <datafield tag="995" ind1=" " ind2=" ">
    <subfield code="5">2013-10-26</subfield>
    <subfield code="b">NLR01</subfield>
    <subfield code="c">NLR01</subfield>
    <subfield code="e">RF91</subfield>
    <subfield code="f">7790899-10</subfield>
    <subfield code="k">72-3/9416</subfield>
    <subfield code="o">0</subfield>
    <subfield code="r">BOOK</subfield>
    <subfield code="s">7239416_</subfield>
  </datafield>
</record>
